Programming in C (Record no. 4954)

MARC details
000 -LEADER
fixed length control field 00433nam a2200145Ia 4500
020 ## - INTERNATIONAL STANDARD BOOK NUMBER
International Standard Book Number 9788122407853
082 ## - DEWEY DECIMAL CLASSIFICATION NUMBER
Classification number 5.133
Item number RAV
100 ## - MAIN ENTRY--PERSONAL NAME
Personal name Ravichabdran
245 ## - TITLE STATEMENT
Title Programming in C
260 ## - PUBLICATION, DISTRIBUTION, ETC. (IMPRINT)
Name of publisher, distributor, etc New Age International Publication
Place of publication, distribution, etc New Delhi
Year of Publication 2009
300 ## - PAGE DESCRIPTION
No. of Pages 400p.
650 ## - SUBJECT ADDED ENTRY--TOPICAL TERM
Topical term or geographic name as entry element COMPUTER SCIENCE,
653 ## - KEYWORDS--INDEX TERM
Keyword term C PROGRAMMING IN, WRITING A PROGRAM IN C, CONTROL STATEMENTS STRUCTURES UNIONS AND BIT FIENDS
942 ## - ADDED ENTRY ELEMENTS (KOHA)
Source of classification or shelving scheme Dewey Decimal Classification
Koha item type Books
942 ## - ADDED ENTRY ELEMENTS (KOHA)
-- 29
Holdings
Withdrawn status Lost status Source of classification or shelving scheme Damaged status Not for loan Home library Current library Date acquired SGTU Total Checkouts Full call number Accession No. (Barcode) Date last seen Bill Date Koha item type Total Renewals Date last borrowed
    Dewey Decimal Classification     SGT Engineering Library SGT Engineering Library 28/04/2010 SGTU   5.133 RAV FE1935 09/02/2015 09/02/2015 Books    
  Lost and Paid For Dewey Decimal Classification     SGT Engineering Library SGT Engineering Library 28/04/2010 SGTU 1 5.133 RAV FE1936 04/10/2019 09/02/2015 Books 1 21/03/2017
    Dewey Decimal Classification     SGT Engineering Library SGT Engineering Library 28/04/2010 SGTU 13 5.133 RAV FE1937 23/12/2024 09/02/2015 Books   13/12/2024
    Dewey Decimal Classification     SGT Engineering Library SGT Engineering Library 28/04/2010 SGTU 19 5.133 RAV FE1938 27/05/2025 09/02/2015 Books 1 13/05/2025
    Dewey Decimal Classification     SGT Engineering Library SGT Engineering Library 28/04/2010 SGTU 9 5.133 RAV FE1939 14/03/2026 09/02/2015 Books   15/11/2022